=LDR 00000nam 2200000 4500 =001 INLIS000000000038595 =005 20130612144247 =008 ***********************************Ind** =035 ##$$0010-061300000038595 =041 ##$$a Ind =082 ##$$a 641.8 =090 ##$$a 641.8, Pra k =100 ##$$a Prakoso, Pungki =245 ##$$a Kudapan enak =260 ##$$a 2011 $b Jakarta =300 ##$$a 65 hlm, Ilus =650 ##$$a Kue - Resep =850 ##$$a NBPNMAT